01242 2200361 4500001002100000005001500021035002000036007000300056008004100059020002200100020002200122040002200144082001200166084001400178090002200192100005000214245023100264250002600495300004200521500001100563650002300574700003800597700002300635700002900658850001200687504003300699264003000732336002100762337003000783338002300813999002200836990002200858INLIS00000000086140320210622093502 a0010-0621000938ta210622s2020 yoia f 1 ind d a978-979-21-6517-3 a978-979-21-6518-0 aYOPDYOGbinderda04223a268 a268 THO d aCB-D.11 2020-25230 aThomas Aquino Purwono Nugrohod1978-epenulis10aPendidikan Agama Katolik dan budi pekerti :bdiutus sebagai murid Yesus edisi revisi untuk SMA kelas X sesuai dengan kurikulum 2013 /cpenulis, Thomas Aquino Purwono Nugroho, Daniel Boli Kotan; penyunting, Erdian, Cicilia Heni aCetakan pertama: 2020 a318 halaman :bgambar, tabel ;c25 cm aindeks 4aPendidikan Katolik0 aDaniel Boli Kotand1966-epenulis0 aErdianepenyunting0 aCicilia Heniepenyunting aYOPDYOG aBibliografi: halaman 315-31631aSleman :bKanisius,c2020 2rdacontentateks 2rdamediaatanpa perantara 2rdacarrieravolume aCB-D.11/2020-2523 aCB-D.11/2020-2523